[Event "Mondiale Lampo FIDE 2019"]
[Site "Mosca"]
[Date "29.12.2019"]
[Round "1.2"]
[White "Predke, Alexandr"]
[Black "Carlsen, Magnus"]
[Result "0-1"]
[WhiteTitle "GM"]
[BlackTitle "GM"]
[WhiteElo "2676"]
[BlackElo "2872"]
[WhiteFideId "24107581"]
[BlackFideId "1503014"]
[EventDate "2019.12.29"]

1. e4 g6 2. d4 Nf6 3. Nc3 d5 4. exd5 Nxd5 5. Nf3 Nxc3 6. bxc3 Bg7 7. Be2 O-O 8.
O-O c5 9. Be3 Qc7 10. Qd2 Rd8 11. Bh6 Nc6 12. Bxg7 Kxg7 13. Qe3 cxd4 14. cxd4
Bg4 15. c3 Rac8 16. h3 Bxf3 17. Bxf3 Na5 18. Rac1 b6 19. Rfe1 e6 20. h4 Nc4 21.
Qe2 Qf4 22. g3 Qf6 23. Kg2 Rc7 24. Be4 e5 25. Bd3 exd4 26. Bxc4 Qc6+ 27. Qe4
Qxe4+ 28. Rxe4 Rxc4 29. Re7 Rxc3 30. Rd1 Ra3 31. Rd2 h5 32. Rc7 b5 33. Kf1 d3
34. Kg2 a5 35. Kf3 Rxa2 36. Rxa2 d2 0-1

[Event "Mondiale Lampo FIDE 2019"]
[Site "Mosca"]
[Date "29.12.2019"]
[Round "1.3"]
[White "Karjakin, Sergey"]
[Black "Nozdrachev, Vladislav"]
[Result "1-0"]
[WhiteTitle "GM"]
[BlackTitle "IM"]
[WhiteElo "2754"]
[BlackElo "2494"]
[WhiteFideId "14109603"]
[BlackFideId "24113441"]
[EventDate "2019.12.29"]

1. e4 e5 2. Nf3 Nc6 3. Bc4 Bc5 4. c3 Nf6 5. d3 d6 6. O-O O-O 7. h3 a6 8. a4 Ba7
9. Re1 Ne7 10. d4 Ng6 11. Bd3 a5 12. Nbd2 c6 13. Bc2 h6 14. Nf1 Nh5 15. Be3 Nhf4
16. dxe5 dxe5 17. Qxd8 Rxd8 18. Rad1 Rxd1 19. Rxd1 Be6 20. Bxa7 Rxa7 21. Rd8+
Kh7 22. Ne3 b5 23. Rb8 Bd7 24. Kf1 Ne6 25. Bb3 bxa4 26. Bxa4 Nc5 27. Bc2 a4 28.
Nc4 f6 29. Nfd2 Nf4 30. h4 Be6 31. g3 Nfd3 32. Ke2 Nc1+ 33. Ke3 N1b3 34. Bxb3
axb3 35. Rb6 Bd7 36. f4 exf4+ 37. gxf4 Ra1 38. f5 Rh1 39. Kd4 Na4 40. Rxb3 Rxh4
41. Nd6 Rh2 42. N2c4 h5 43. Rb7 h4 44. Rxd7 h3 45. Ke3 Nxb2 46. Nxb2 Rxb2 47.
Ne8 Kh6 48. Rxg7 h2 49. Rg6+ Kh5 50. Nxf6+ Kh4 51. Rh6+ Kg3 52. Nd7 Rb1 53. f6
Re1+ 54. Kd2 Rxe4 55. Rxh2 Kxh2 56. f7 1-0

[Event "Mondiale Lampo FIDE 2019"]
[Site "Mosca"]
[Date "29.12.2019"]
[Round "1.4"]
[White "Pigusov, Evgeny"]
[Black "Nepomniachtchi, Ian"]
[Result "0-1"]
[WhiteTitle "GM"]
[BlackTitle "GM"]
[WhiteElo "2555"]
[BlackElo "2767"]
[WhiteFideId "4100514"]
[BlackFideId "4168119"]
[EventDate "2019.12.29"]

1. Nf3 g6 2. g3 Bg7 3. d4 Nf6 4. c4 d5 5. cxd5 Nxd5 6. Bg2 Nb6 7. O-O Nc6 8. Nc3
O-O 9. d5 Na5 10. e4 c6 11. Bf4 cxd5 12. Nxd5 Nxd5 13. exd5 Nc4 14. b3 Nb6 15.
d6 exd6 16. Bxd6 Re8 17. Rc1 Be6 18. Bc5 Bd5 19. Qd3 Bc6 20. Rfd1 Qxd3 21. Rxd3
Nd7 22. Bd4 Nf6 23. Bb2 Rad8 24. Ne5 Bxg2 25. Kxg2 Rxd3 26. Nxd3 Nd5 27. Bxg7
Kxg7 28. Rc5 Rd8 29. Kf3 Kf6 30. a4 Ke6 31. Rc4 b6 32. Nf4+ Nxf4 33. Kxf4 Rd2
34. Ke3 Rb2 35. b4 Rb3+ 36. Ke2 Ra3 37. b5 g5 38. h4 f6 39. hxg5 fxg5 40. g4 Kd5
41. Rc7 Rxa4 42. Rxh7 Rxg4 43. Rxa7 Kc5 44. Rf7 Kxb5 45. Rf5+ Ka4 46. f3 Rg2+
47. Kf1 Rc2 48. Rxg5 b5 49. Rg8 b4 50. Ra8+ Kb3 51. f4 Rc4 52. Rf8 Kc2 53. Ke2
b3 54. Ke3 b2 0-1

[Event "Mondiale Lampo FIDE 2019"]
[Site "Mosca"]
[Date "29.12.2019"]
[Round "1.5"]
[White "Yu, Yangyi"]
[Black "Sanal, Vahap"]
[Result "1-0"]
[WhiteTitle "GM"]
[BlackTitle "GM"]
[WhiteElo "2738"]
[BlackElo "2549"]
[WhiteFideId "8603820"]
[BlackFideId "6300545"]
[EventDate "2019.12.29"]

1. e4 Nc6 2. Nf3 d6 3. d4 Nf6 4. Nc3 g6 5. Be2 Bg7 6. O-O O-O 7. d5 Nb8 8. h3 c6
9. dxc6 Nxc6 10. Be3 b6 11. Re1 Bb7 12. Bf1 Rc8 13. Qd2 Re8 14. Bh6 Bh8 15. Rad1
Nd7 16. Bb5 a6 17. Bxc6 Bxc6 18. Nd4 Bb7 19. Nd5 e6 20. Nc3 Ne5 21. Qc1 b5 22.
a3 Nc4 23. Rd3 Qb6 24. Red1 Ne5 25. Rg3 Rc4 26. Be3 Qc7 27. Qd2 Rc8 28. Qe2 b4
29. axb4 Rxb4 30. Nb3 Nc4 31. Bc1 a5 32. Na2 Rb5 33. Nc3 Rb4 34. Na2 Rb6 35. Nc3
Be5 36. Rgd3 Ba6 37. Qe1 Rbb8 38. Rf3 Qc6 39. Nd4 Qb7 40. b3 Nb6 41. Ncb5 Qd7
42. c4 a4 43. bxa4 Rxc4 44. Ra3 Rbc8 45. Nf3 Bxb5 46. Nxe5 dxe5 47. Rxd7 Bxd7
48. Bh6 Nxa4 49. Qd2 Nc5 50. Ra7 Be8 51. Qd6 Bb5 52. Qxe5 1-0

[Event "Mondiale Lampo FIDE 2019"]
[Site "Mosca"]
[Date "29.12.2019"]
[Round "1.6"]
[White "Castellanos Rodriguez, Renier"]
[Black "Svidler, Peter"]
[Result "1-0"]
[WhiteTitle "IM"]
[BlackTitle "GM"]
[WhiteElo "2474"]
[BlackElo "2723"]
[WhiteFideId "3404650"]
[BlackFideId "4102142"]
[EventDate "2019.12.29"]

1. e4 c5 2. Nf3 e6 3. d4 cxd4 4. Nxd4 a6 5. Bd3 Bc5 6. Nb3 Be7 7. O-O d6 8. c4
Nf6 9. Nc3 Nbd7 10. Be3 Qc7 11. Rc1 b6 12. f3 Bb7 13. Qd2 O-O 14. Rfd1 Rac8 15.
Bf1 Rfe8 16. Nd4 Qb8 17. Kh1 Bd8 18. b4 Bc7 19. h3 Ne5 20. Na4 Ba8 21. Qf2 Ned7
22. Nb3 Bc6 23. Nb2 Qa8 24. a4 a5 25. bxa5 bxa5 26. Nd4 Nc5 27. Nb5 Qb8 28. e5
Nfe4 29. fxe4 Nxe4 30. Qe1 dxe5 31. Na7 Qxb2 32. Nxc6 f5 33. Bd3 Nf6 34. Rb1 Qa3
35. Na7 e4 36. Bf1 Nh5 37. Nxc8 Rxc8 38. Bf2 Bf4 39. c5 e3 40. Qe2 exf2 41. Rd3
Qxc5 42. Qxh5 Bd6 43. Rbd1 Be7 44. Rd7 g6 45. Qe2 Rc6 46. Qb5 Bg5 47. Qxc5 Rxc5
48. Rb1 Re5 49. Rb8+ 1-0

[Event "Mondiale Lampo FIDE 2019"]
[Site "Mosca"]
[Date "29.12.2019"]
[Round "1.7"]
[White "Duda, Jan-Krzysztof"]
[Black "Aravindh, Chithambaram VR."]
[Result "1-0"]
[WhiteTitle "GM"]
[BlackTitle "GM"]
[WhiteElo "2758"]
[BlackElo "2605"]
[WhiteFideId "1170546"]
[BlackFideId "5072786"]
[EventDate "2019.12.29"]

1. d4 Nf6 2. c3 c6 3. Nf3 d5 4. Bg5 g6 5. Nbd2 Bg7 6. e3 Bf5 7. Be2 O-O 8. Ne5
Nfd7 9. g4 Be6 10. Nd3 f6 11. Bf4 Bf7 12. h4 e5 13. Bg3 c5 14. dxc5 Nc6 15. h5
g5 16. h6 Bh8 17. f4 gxf4 18. exf4 e4 19. Nc1 Nxc5 20. Ncb3 Nd3+ 21. Bxd3 exd3
22. O-O d4 23. f5 Re8 24. Bf4 dxc3 25. bxc3 Qb6+ 26. Kg2 Re2+ 27. Kh3 Rae8 28.
Nc1 R8e3+ 29. Nf3 Bc4 30. Nb3 Re4 31. Bg3 Qe3 32. Nbd2 Qxh6+ 33. Bh4 R4e3 34.
Nxc4 Bg7 35. Nxe3 Rxe3 36. Qb3+ Kh8 37. Qxb7 Ne7 38. Qb8+ Ng8 39. Rae1 d2 40.
Rxe3 Qxe3 41. Qd8 Qe2 42. Nxd2 h5 43. gxh5 Kh7 44. Qd4 Nh6 45. Rf2 1-0

[Event "Mondiale Lampo FIDE 2019"]
[Site "Mosca"]
[Date "29.12.2019"]
[Round "1.8"]
[White "Laznicka, Viktor"]
[Black "Artemiev, Vladislav"]
[Result "1/2-1/2"]
[WhiteTitle "GM"]
[BlackTitle "GM"]
[WhiteElo "2648"]
[BlackElo "2731"]
[WhiteFideId "316385"]
[BlackFideId "24101605"]
[EventDate "2019.12.29"]

1. d4 Nf6 2. c4 g6 3. Nf3 Bg7 4. g3 d5 5. cxd5 Nxd5 6. Bg2 Nb6 7. Nc3 Nc6 8. e3
O-O 9. O-O Re8 10. Re1 a5 11. Qe2 a4 12. Rd1 Bg4 13. h3 Bd7 14. e4 e5 15. dxe5
Nxe5 16. Nxe5 Bxe5 17. f4 Bxc3 18. bxc3 Qe7 19. Be3 Bc6 20. Rd4 Rad8 21. Rxd8
Rxd8 22. Bd4 Nd7 23. Re1 Re8 24. Qf2 Qe6 25. Re3 Qe7 26. g4 Bb5 27. Re1 c5 28.
Be3 Bc6 29. e5 Bxg2 30. Kxg2 Qe6 31. Rd1 b6 32. Rd6 Qe7 33. Qd2 Nf8 34. Qd5 Qa7
35. f5 gxf5 36. gxf5 Qe7 37. Bf4 Qh4 38. Bg3 Qg5 39. Qe4 h5 40. Kh2 Nh7 41. Bf4
Qh4 42. Qe3 Kh8 43. e6 Nf6 44. Be5 Kh7 45. Bxf6 Qxf6 46. Rd7 Re7 47. Rxe7 1/2-1/2

[Event "Mondiale Lampo FIDE 2019"]
[Site "Mosca"]
[Date "29.12.2019"]
[Round "1.9"]
[White "Andreikin, Dmitry"]
[Black "Timofeev, Artyom"]
[Result "1-0"]
[WhiteTitle "GM"]
[BlackTitle "GM"]
[WhiteElo "2724"]
[BlackElo "2588"]
[WhiteFideId "4158814"]
[BlackFideId "4140419"]
[EventDate "2019.12.29"]

1. d4 d5 2. Nf3 e6 3. c4 g6 4. Bg5 Be7 5. Bf4 Nf6 6. e3 O-O 7. Nc3 b6 8. cxd5
Nxd5 9. Nxd5 exd5 10. Bd3 c5 11. h4 Bg4 12. h5 cxd4 13. Qc2 Qc8 14. hxg6 fxg6
15. Bxg6 Qxc2 16. Bxc2 h5 17. Nxd4 Bf6 18. Bb3 Bxd4 19. Bxd5+ Kg7 20. exd4 Rxf4
21. Bxa8 Rxd4 22. f3 Be6 23. Rxh5 Nd7 24. Rd1 Rxd1+ 25. Kxd1 Bxa2 26. g4 a5 27.
Bd5 Bb1 28. Be4 Bxe4 29. fxe4 Nf6 30. Rb5 Nxg4 31. Rg5+ 1-0

[Event "Mondiale Lampo FIDE 2019"]
[Site "Mosca"]
[Date "29.12.2019"]
[Round "1.10"]
[White "Socko, Bartosz"]
[Black "Giri, Anish"]
[Result "1/2-1/2"]
[WhiteTitle "GM"]
[BlackTitle "GM"]
[WhiteElo "2618"]
[BlackElo "2769"]
[WhiteFideId "1107038"]
[BlackFideId "24116068"]
[EventDate "2019.12.29"]

1. d4 Nf6 2. c4 c5 3. d5 g6 4. Nf3 Bg7 5. g3 b5 6. cxb5 a6 7. bxa6 d6 8. Nc3
Nbd7 9. Bg2 Nb6 10. O-O O-O 11. e4 Bxa6 12. Re1 Nfd7 13. Qc2 Nc4 14. Bf4 Qa5 15.
Rec1 Rfb8 16. Rab1 Rb7 17. Nd2 Nce5 18. Bf1 c4 19. b3 cxb3 20. Nxb3 Qd8 21. Bxa6
Rxa6 22. Ne2 Rba7 23. Qc8 Ra8 24. Qxd8+ Rxd8 25. Ned4 Rxa2 26. Nc6 Re8 27. Bxe5
Bxe5 28. Nb4 Ra4 29. Nd2 Bf6 30. Nd3 Rd4 31. Rb3 Ra8 32. Rc4 Rxc4 33. Nxc4 Ra4
34. Rb4 Ra2 35. Kg2 Kg7 36. h4 h5 37. Kf3 Rc2 38. Ke3 Ra2 39. f4 Bc3 40. Rb3 Ba1
41. Rb7 Nf6 42. Rxe7 Ng4+ 43. Kf3 Nh2+ 44. Ke3 Nf1+ 45. Kf3 Nh2+ 46. Ke3 Ng4+
47. Kf3 Nh2+ 1/2-1/2

[Event "Mondiale Lampo FIDE 2019"]
[Site "Mosca"]
[Date "29.12.2019"]
[Round "1.11"]
[White "Le, Quang Liem"]
[Black "Inarkiev, Ernesto"]
[Result "1/2-1/2"]
[WhiteTitle "GM"]
[BlackTitle "GM"]
[WhiteElo "2713"]
[BlackElo "2663"]
[WhiteFideId "12401137"]
[BlackFideId "4162722"]
[EventDate "2019.12.29"]

1. d4 Nf6 2. c4 e6 3. Nf3 d5 4. g3 Bb4+ 5. Nbd2 O-O 6. Bg2 b6 7. O-O Bb7 8. b3
Nbd7 9. Bb2 Rc8 10. Rc1 Qe7 11. e3 Rfd8 12. Qe2 c5 13. a3 Bxd2 14. Nxd2 cxd4 15.
exd4 Nf8 16. Rfd1 dxc4 17. Bxb7 Qxb7 18. bxc4 Ng6 19. Nf1 Ne4 20. h4 h6 21. Ne3
Ne7 22. d5 exd5 23. Qg4 d4 24. Bxd4 f6 25. Nd5 Nxd5 26. Qxe4 Qe7 27. Qg4 Nc7 28.
c5 Nb5 29. Re1 Qd7 30. Qxd7 Rxd7 31. Be3 bxc5 32. Rxc5 Rxc5 33. Bxc5 Rd5 34. Bb4
a5 35. Re8+ Kh7 36. Bf8 Rd7 37. Ra8 Rf7 38. Rxa5 Rxf8 39. Rxb5 Ra8 40. Rb3 Kg6
41. Kf1 Kf5 42. Ke2 g5 43. hxg5 fxg5 44. f3 h5 45. Kf2 Ra5 46. Re3 Kf6 47. Kg2
Kf5 48. Kf2 Ra4 49. Rc3 Ra5 50. Ke3 Ra4 51. Kd2 h4 52. gxh4 gxh4 53. Ke3 h3 54.
Kf2 h2 55. Kg2 Rh4 56. Rc1 Ke6 57. Rh1 Ra4 58. Ra1 Rh4 59. Kh1 Rh3 60. Kg2 Rh4
61. Re1+ Kf6 62. Kh1 Ra4 63. Re3 Rh4 64. Re2 Kf5 65. Rxh2 Ra4 66. Ra2 Kf4 67.
Kg2 Ke3 68. Ra1 Ra8 69. Re1+ Kd3 70. Kf2 Kd4 71. Re4+ Kd5 72. a4 Rb8 73. Kg3 Rb2
74. a5 Ra2 75. Rh4 Ke6 76. Rh6+ Kf5 77. a6 Ra1 78. Rb6 Ra2 79. Rc6 Kg5 80. Rb6
Kf5 81. Kh4 Rh2+ 82. Kg3 Ra2 83. Rb5+ Kf6 84. Rb6+ Kf5 85. Rh6 Kg5 86. Rd6 Kf5
87. Rc6 Kg5 88. f4+ Kf5 89. Rc5+ Kf6 90. Rh5 Kg6 91. Kg4 Rxa6 92. f5+ Kg7 93.
Kg5 Ra1 94. f6+ Kg8 95. Kg6 Rg1+ 96. Rg5 Rxg5+ 97. Kxg5 Kf7 98. Kf5 Kf8 99. Ke6
Ke8 100. f7+ Kf8 101. Kf6 1/2-1/2

[Event "Mondiale Lampo FIDE 2019"]
[Site "Mosca"]
[Date "29.12.2019"]
[Round "1.12"]
[White "Kobalia, Mikhail"]
[Black "Vachier-Lagrave, Maxime"]
[Result "1/2-1/2"]
[WhiteTitle "GM"]
[BlackTitle "GM"]
[WhiteElo "2609"]
[BlackElo "2780"]
[WhiteFideId "4119150"]
[BlackFideId "623539"]
[EventDate "2019.12.29"]

1. e4 c5 2. Nf3 d6 3. Bb5+ Nd7 4. O-O a6 5. Bd3 Ngf6 6. c3 b5 7. Bc2 Bb7 8. Qe2
c4 9. b3 cxb3 10. axb3 e5 11. d4 Be7 12. Rd1 Qc7 13. Bb2 O-O 14. Nbd2 exd4 15.
c4 Rfe8 16. Nxd4 bxc4 17. Nxc4 d5 18. Na5 dxe4 19. Nxb7 Qxb7 20. Nf5 Bf8 21. Ra4
Rac8 22. Bb1 Qxb3 23. Rxa6 Rb8 24. Bxf6 Nxf6 25. Ba2 Qb7 26. Nh6+ gxh6 27. Rxf6
Re7 28. Qg4+ Bg7 29. Rfd6 Qc7 30. g3 Rf8 31. Rd7 Qe5 32. Rxe7 Qxe7 33. Rd7 Qe5
34. Bd5 e3 35. fxe3 Qxe3+ 36. Kg2 Qe8 37. Qf5 Qe5 38. Rxf7 Qxf5 39. Rxf5+ Kh8 1/2-1/2

[Event "Mondiale Lampo FIDE 2019"]
[Site "Mosca"]
[Date "29.12.2019"]
[Round "1.13"]
[White "Andriasian, Zaven"]
[Black "Rakhmanov, Aleksandr"]
[Result "1/2-1/2"]
[WhiteTitle "GM"]
[BlackTitle "GM"]
[WhiteElo "2611"]
[BlackElo "2645"]
[WhiteFideId "13302000"]
[BlackFideId "4173708"]
[EventDate "2019.12.29"]

1. e4 e5 2. Nf3 Nf6 3. Nxe5 d6 4. Nf3 Nxe4 5. Nc3 Nf6 6. d4 g6 7. Bg5 Bg7 8. Qd2
h6 9. Bf4 a6 10. O-O-O Nc6 11. Re1+ Kf8 12. g3 Ne7 13. Qd1 b5 14. Bg2 Bb7 15.
Kb1 b4 16. Ne2 a5 17. Nc1 a4 18. Nd3 Ned5 19. Bd2 b3 20. a3 Ba6 21. Nf4 Bc4 22.
c3 Kg8 23. Bf1 Bxf1 24. Rhxf1 Qd7 25. Ka1 Kh7 26. Nxd5 Nxd5 27. h3 Rhe8 28. g4
Qb5 29. Bc1 Qc4 30. h4 c5 31. Be3 Rab8 32. Qd2 Nf6 33. g5 Ne4 34. Qc1 h5 35. Rd1
Rbd8 36. Nd2 Nxd2 37. Rxd2 Rc8 38. Rfd1 Re7 39. Qb1 Rce8 40. dxc5 dxc5 41. Qd3
Qxd3 42. Rxd3 c4 43. Rd7 Kg8 44. Kb1 Re4 45. Rh1 Be5 46. Kc1 Bf4 47. Bxf4 Rxf4
48. Rd4 Rxd4 49. cxd4 Re4 50. Kd2 Rxd4+ 51. Kc3 Rf4 52. Rh2 Kf8 53. Kb4 c3+ 54.
Kxc3 Ke7 55. Kd3 Ke6 56. Ke3 Kf5 57. f3 Rc4 58. Rd2 Rxh4 59. Rd5+ Ke6 60. Ra5
Rc4 61. Ra6+ Kf5 62. Ra5+ Ke6 63. Ra6+ Ke7 64. Kd3 Rc2 65. Rxa4 Rxb2 66. Rb4 Ke6
67. Ke4 Re2+ 68. Kf4 b2 69. a4 Kd5 70. a5 Kc5 71. Rb7 h4 72. a6 Re6 73. Rxb2
Rxa6 74. Kg4 Ra4+ 75. f4 Kd6 76. Rf2 Ke6 77. Re2+ 1/2-1/2

[Event "Mondiale Lampo FIDE 2019"]
[Site "Mosca"]
[Date "29.12.2019"]
[Round "1.14"]
[White "Krsnik Cohar, Ivan Vihor"]
[Black "Vidit, Santosh Gujrathi"]
[Result "0-1"]
[WhiteTitle "FM"]
[BlackTitle "GM"]
[WhiteElo "2313"]
[BlackElo "2721"]
[WhiteFideId "14520044"]
[BlackFideId "5029465"]
[EventDate "2019.12.29"]

1. d4 Nf6 2. Bf4 d5 3. Nd2 e6 4. e3 Bd6 5. Bg3 c5 6. c3 Qc7 7. Ngf3 Nbd7 8. Bd3
O-O 9. Qe2 e5 10. dxe5 Nxe5 11. Nxe5 Bxe5 12. Nf3 Bd6 13. O-O Bg4 14. Bxd6 Qxd6
15. Rad1 Rad8 16. Rfe1 Qc7 17. h3 Bh5 18. g4 Bg6 19. Nh4 Rfe8 20. Qc2 Be4 21.
Bxe4 Nxe4 22. Nf3 Rd6 23. c4 Rf6 24. Kg2 dxc4 25. Qxc4 Nxf2 26. Rd5 Ne4 27. Red1
Qg3+ 0-1

[Event "Mondiale Lampo FIDE 2019"]
[Site "Mosca"]
[Date "29.12.2019"]
[Round "1.15"]
[White "Zubov, Alexander"]
[Black "Shcherbakov, Ruslan"]
[Result "0-1"]
[WhiteTitle "GM"]
[BlackTitle "GM"]
[WhiteElo "2601"]
[BlackElo "2527"]
[WhiteFideId "14109409"]
[BlackFideId "4102240"]
[EventDate "2019.12.29"]

1. d4 Nf6 2. Nf3 e6 3. c4 b6 4. a3 Ba6 5. Qc2 Bb7 6. Nc3 c5 7. dxc5 bxc5 8. Bf4
Bxf3 9. gxf3 Nc6 10. e3 Be7 11. Rg1 Nh5 12. Bg3 O-O 13. O-O-O f5 14. f4 Rb8 15.
Be2 Nf6 16. Bh4 Kh8 17. Kb1 Rb6 18. Na4 Rb8 19. Bf3 Qc7 20. Rd3 Rfd8 21. Rgd1 d6
22. Nc3 a6 23. Ka2 Rb6 24. Na4 Rbb8 25. Bxc6 Qxc6 26. f3 h6 27. Nc3 Qxf3 28. e4
Qxf4 29. Bg3 Qg4 30. h3 Qh5 31. Bxd6 Bxd6 32. Rxd6 Rxd6 33. Rxd6 Qxh3 34. Rxa6
f4 35. e5 Ng4 36. Ra7 Ne3 37. Qg6 Qg2 38. Qxg2 Nxg2 39. Ne4 Rc8 40. a4 f3 41.
Rf7 Ne1 42. Ka3 Nd3 43. Rxf3 Nxe5 44. Rc3 Rc6 45. a5 Rc8 46. Ka4 Ra8 47. Nxc5 h5
48. b4 g5 49. Nxe6 g4 50. b5 h4 51. b6 g3 52. Nf4 Nc6 53. Kb5 Nxa5 54. Ra3 Rf8
55. Kxa5 Rxf4 56. b7 Rf8 57. c5 g2 58. Ra1 h3 59. c6 h2 60. c7 g1=Q 61. c8=Q
Qxa1+ 62. Kb6 Qb2+ 63. Ka7 Qa3+ 64. Kb8 Qd6+ 65. Ka7 Qd4+ 66. Ka6 Qa4+ 67. Kb6
Qb4+ 68. Ka7 h1=Q 0-1

[Event "Mondiale Lampo FIDE 2019"]
[Site "Mosca"]
[Date "29.12.2019"]
[Round "1.17"]
[White "Grischuk, Alexander"]
[Black "Ruck, Robert"]
[Result "1/2-1/2"]
[WhiteTitle "GM"]
[BlackTitle "GM"]
[WhiteElo "2777"]
[BlackElo "2530"]
[WhiteFideId "4126025"]
[BlackFideId "705713"]
[EventDate "2019.12.29"]

1. e4 c6 2. d4 d5 3. e5 Bf5 4. Nf3 e6 5. c3 Nd7 6. Be2 h6 7. O-O Ne7 8. a4 Bh7
9. a5 Ng6 10. Bd3 Be7 11. b4 O-O 12. Re1 Re8 13. Nbd2 Ngf8 14. Nf1 b6 15. a6 c5
16. b5 Rc8 17. Ne3 cxd4 18. cxd4 Bb4 19. Re2 Qe7 20. h4 Rc7 21. Bb2 Rec8 22. g3
Bc3 23. Kg2 Bxb2 24. Bxh7+ Nxh7 25. Rxb2 f6 26. Raa2 fxe5 27. dxe5 Nhf8 28. h5
Nh7 29. Rc2 Ng5 30. Nxg5 Qxg5 31. f4 Qe7 32. Rxc7 Rxc7 33. Rc2 Rc5 34. Qd3 Qe8
35. Rc3 Qxh5 36. Nc2 Rxc3 37. Qxc3 Qe2+ 38. Kg1 Nc5 39. Nd4 Qd1+ 40. Kg2 Ne4 41.
Qe3 Kf7 42. Nc6 Qc2+ 43. Kg1 Qb1+ 44. Kg2 Qc2+ 45. Kg1 Qb1+ 46. Kg2 Qc2+ 1/2-1/2

[Event "Mondiale Lampo FIDE 2019"]
[Site "Mosca"]
[Date "29.12.2019"]
[Round "1.18"]
[White "Iljiushenok, Ilia"]
[Black "Dubov, Daniil"]
[Result "1-0"]
[WhiteTitle "GM"]
[BlackTitle "GM"]
[WhiteElo "2521"]
[BlackElo "2690"]
[WhiteFideId "24105074"]
[BlackFideId "24126055"]
[EventDate "2019.12.29"]

1. e4 g6 2. d4 Bg7 3. Nc3 d6 4. Be3 a6 5. Qd2 b5 6. h4 Nf6 7. f3 h5 8. Nh3 Bxh3
9. Rxh3 Nbd7 10. O-O-O Nb6 11. Bd3 Nfd7 12. f4 c5 13. dxc5 b4 14. Ne2 Na4 15. e5
Naxc5 16. Qxb4 O-O 17. Bc4 Rb8 18. Qa3 Qc8 19. Nc3 dxe5 20. Nd5 Re8 21. fxe5
Nxe5 22. Bb3 Ncd3+ 23. Kb1 Nc4 24. Nxe7+ Rxe7 25. Qxe7 Ndxb2 26. Rd7 Na3+ 27.
Kc1 Nd3+ 28. Rxd3 Nc4 29. Rd7 Ne5 30. Rc7 Qf5 31. Bxf7+ Nxf7 32. Rf3 Bb2+ 33.
Kd1 Qd5+ 34. Bd2 Rf8 35. Rxf7 Rxf7 36. Qxf7+ Qxf7 37. Rxf7 Kxf7 38. c4 Ke6 39.
Ke2 Bf6 40. Be1 Kd6 41. Kd3 Kc6 42. Bf2 Kd6 43. a4 Ke6 44. Ke4 Be7 45. g3 Bd6
46. Kd4 Bf8 47. c5 Be7 48. Be3 Bd8 49. Bf4 Bf6+ 50. Kc4 Bb2 51. c6 Ba3 52. c7
Kd7 53. Kd5 Bb2 54. Be5 Bc1 55. Kc5 Be3+ 56. Kd5 Bf2 57. c8=Q+ Kxc8 58. Ke6 g5
59. hxg5 Kd8 60. g6 1-0

[Event "Mondiale Lampo FIDE 2019"]
[Site "Mosca"]
[Date "29.12.2019"]
[Round "1.19"]
[White "Korobov, Anton"]
[Black "Gasanov, Eldar"]
[Result "1/2-1/2"]
[WhiteTitle "GM"]
[BlackTitle "GM"]
[WhiteElo "2668"]
[BlackElo "2481"]
[WhiteFideId "14105730"]
[BlackFideId "14104466"]
[EventDate "2019.12.29"]

1. d4 Nf6 2. c4 e6 3. Nf3 Bb4+ 4. Nbd2 O-O 5. a3 Be7 6. b4 d5 7. e3 b6 8. c5 a5
9. Bb2 bxc5 10. bxc5 Nc6 11. Rb1 Ba6 12. Bxa6 Rxa6 13. O-O Qa8 14. Bc3 Nd7 15.
Qa4 e5 16. dxe5 Nxc5 17. Qg4 Ne6 18. Nb3 Bxa3 19. Nbd4 Ncxd4 20. Nxd4 Re8 21.
Nf5 Kh8 22. f4 Bf8 23. Rf3 Rc6 24. Ba1 Rb8 25. Rbf1 Rcb6 26. Rh3 Rb1 27. Qh5
Rxf1+ 28. Kxf1 Qa6+ 29. Kf2 h6 30. Qxf7 Rb1 31. Kg3 Rxa1 32. Nh4 Ra3 33. Ng6+
Kh7 34. Kg4 Qe2+ 35. Kh4 Qf2+ 36. Rg3 Rxe3 37. Qxe6 Bb4 38. Qf5 Rxg3 39. hxg3
Kg8 40. Qe6+ Kh7 41. Qf5 Kg8 42. e6 Qe1 43. Qf7+ Kh7 44. e7 Qh1+ 45. Kg4 Qd1+
46. Kf5 Qd3+ 47. Ke6 Qe2+ 48. Kd7 Qb5+ 49. Kd8 Qb8+ 50. Kd7 Qb5+ 51. Ke6 Qc6+
52. Kf5 Qc2+ 53. Ke6 Qc6+ 54. Kf5 Qc2+ 1/2-1/2

[Event "Mondiale Lampo FIDE 2019"]
[Site "Mosca"]
[Date "29.12.2019"]
[Round "1.20"]
[White "Turov, Maxim"]
[Black "Matlakov, Maxim"]
[Result "0-1"]
[WhiteTitle "GM"]
[BlackTitle "GM"]
[WhiteElo "2574"]
[BlackElo "2699"]
[WhiteFideId "4120086"]
[BlackFideId "4168003"]
[EventDate "2019.12.29"]

1. d4 Nf6 2. Nf3 d5 3. c4 e6 4. Nc3 Bb4 5. Qa4+ Nc6 6. cxd5 exd5 7. Bg5 h6 8.
Bxf6 Qxf6 9. e3 O-O 10. Be2 Be6 11. O-O a6 12. Rfc1 Bd6 13. a3 Ne7 14. b4 g5 15.
Qd1 Ng6 16. Qe1 Rfe8 17. Nd2 c6 18. Nf1 g4 19. Na4 Rad8 20. Nc5 Bc8 21. a4 h5
22. b5 axb5 23. axb5 h4 24. bxc6 bxc6 25. Ra8 Qg5 26. Qd1 g3 27. hxg3 hxg3 28.
fxg3 Bxg3 29. Nxg3 Qxg3 30. Bf3 Rxe3 31. Qf1 Nh4 32. Bh5 Re7 33. Qf2 Qg5 0-1

[Event "Mondiale Lampo FIDE 2019"]
[Site "Mosca"]
[Date "29.12.2019"]
[Round "1.21"]
[White "Vitiugov, Nikita"]
[Black "Vokhidov, Shamsiddin"]
[Result "1-0"]
[WhiteTitle "GM"]
[BlackTitle "IM"]
[WhiteElo "2747"]
[BlackElo "2526"]
[WhiteFideId "4152956"]
[BlackFideId "14204223"]
[EventDate "2019.12.29"]

1. d4 d5 2. c4 e6 3. Nc3 Bb4 4. a3 Bxc3+ 5. bxc3 Nf6 6. e3 c6 7. cxd5 cxd5 8. c4
O-O 9. Nf3 b6 10. Bd3 dxc4 11. Bxc4 Ba6 12. Bxa6 Nxa6 13. O-O Qd5 14. Qa4 Qb7
15. Bb2 Rac8 16. Rac1 Rxc1 17. Rxc1 Rc8 18. Rxc8+ Qxc8 19. Ne5 Qb7 20. Qc6 Qb8
21. h3 h6 22. e4 Qc7 23. f3 Qb8 24. g4 Nc7 25. h4 Qd8 26. Kg2 Nfe8 27. Kg3 Qd6
28. Qxd6 Nxd6 29. a4 f6 30. Nc6 Nc4 31. Bc1 a6 32. Bf4 Ne8 33. d5 exd5 34. exd5
b5 35. a5 Kf7 36. h5 Ned6 37. Nb4 Nb7 38. Nxa6 Nbxa5 39. Bc7 Nb3 40. Nb4 Nc5 41.
Bf4 Nb6 42. Be3 Ncd7 43. f4 Nc4 44. Bd4 f5 45. g5 Nd6 46. Kf3 Ne4 47. g6+ Kf8
48. Nc6 Ndf6 49. Ne5 Nxd5 50. Nd7+ Kg8 51. Nb8 b4 52. Nc6 b3 53. Na5 Ndf6 54.
Nxb3 Nxh5 55. Na5 Nhf6 56. Nc6 Nd5 57. Be5 Nc5 58. Nd4 Ne7 59. Bd6 Nxg6 60. Bxc5
Nf8 61. Nxf5 Ne6 62. Be3 Kf7 63. Ng3 g6 64. Ke4 Ng7 65. Ke5 Ne6 66. Bf2 Ng7 67.
Ne4 Ne6 68. Nd6+ Ke7 69. Bh4+ g5 70. f5 Nc5 71. f6+ Kd7 72. Bg3 Ne6 73. Kf5 Nf8
74. Nf7 Nh7 75. Ne5+ Ke8 76. f7+ Ke7 77. Kg6 Nf8+ 78. Kg7 Ne6+ 79. Kg8 h5 80.
Nc6+ Kf6 81. Nd4 1-0

[Event "Mondiale Lampo FIDE 2019"]
[Site "Mosca"]
[Date "29.12.2019"]
[Round "1.22"]
[White "Gareyev, Timur"]
[Black "Dominguez Perez, Leinier"]
[Result "1-0"]
[WhiteTitle "GM"]
[BlackTitle "GM"]
[WhiteElo "2598"]
[BlackElo "2758"]
[WhiteFideId "14200937"]
[BlackFideId "3503240"]
[EventDate "2019.12.29"]

1. b4 e5 2. Bb2 Bxb4 3. Bxe5 Nf6 4. Nf3 O-O 5. c3 Ba5 6. Qa4 Nc6 7. Bg3 d5 8. e3
a6 9. Be2 Re8 10. O-O Ne4 11. Qc2 Qf6 12. d4 Bg4 13. Re1 h6 14. Nfd2 Bf5 15. Bd3
h5 16. Bxe4 dxe4 17. h4 Ne7 18. Nc4 Bb6 19. Nba3 Rac8 20. Rab1 Nd5 21. Ne5 Ba5
22. c4 Bxe1 23. cxd5 Ba5 24. Nac4 Bb6 25. d6 Red8 26. Bf4 Qe6 27. d7 Rxd7 28.
Nxb6 Rdd8 29. Nxc8 Qxc8 30. Qb3 Be6 31. Qxb7 Qxb7 32. Rxb7 Bxa2 33. Nc6 Re8 34.
Rxc7 f6 35. d5 Ra8 36. d6 Bd5 37. d7 Bxc6 38. Rc8+ 1-0